书目信息 |
| 题名: |
人因工程设计
|
|
| 作者: | 郑午 编著 | |
| 分册: | ||
| 出版信息: | 北京 化学工业出版社 2006.05 |
|
| 页数: | 166页 | |
| 开本: | 26cm | |
| 丛书名: | CATIA V5应用丛书 | |
| 单 册: | ||
| 中图分类: | TB18 | |
| 科图分类: | ||
| 主题词: | 人因工程--ren yin gong cheng--计算机辅助设计--应用软件 | |
| 电子资源: | ||
| ISBN: | 7-5025-8374-2 | |
| 000 | 00890nam 2200253 450 | |
| 001 | 012006089922 | |
| 005 | 20060926153127.56 | |
| 010 | @a7-5025-8374-2@dCNY24.00 | |
| 100 | @a20060903d2006 km y0chiy0120 ea | |
| 101 | 0 | @achi |
| 102 | @aCN@b110000 | |
| 105 | @aa a 000yy | |
| 200 | 1 | @a人因工程设计@Aren yin gong cheng she ji@f郑午等编著@Fzheng wu deng bian zhu |
| 210 | @a北京@c化学工业出版社@d2006.05 | |
| 215 | @a166页@c图@d26cm | |
| 225 | 2 | @aCATIA V5应用丛书@ACATIA V5 ying yong cong shu |
| 320 | @a有书目 (第166页)。 | |
| 330 | @a本书详细地介绍了如何运用CATIA V5软件进行人因工程方面的设计, 例如人体模型的建立、工作环境的分析、人体运动的仿真与分析等。 | |
| 410 | 0 | @12001 @aCATIA V5应用丛书 |
| 606 | 0 | @a人因工程@Aren yin gong cheng@x计算机辅助设计@x应用软件 |
| 690 | @aTB18@v4 | |
| 701 | 0 | @a郑午@Azheng wu@4编著 |
| 801 | 0 | @aCN@c20060926 |
| 905 | @a10447@dTB18@eZ454 | |
| 人因工程设计/郑午等编著.-北京:化学工业出版社,2006.05 |
| 166页:图;26cm.-(CATIA V5应用丛书) |
| ISBN 7-5025-8374-2:CNY24.00 |
| 本书详细地介绍了如何运用CATIA V5软件进行人因工程方面的设计, 例如人体模型的建立、工作环境的分析、人体运动的仿真与分析等。 |
| ● |
| 相关链接 |
|
|
|
正题名:人因工程设计
索取号:TB18/Z454
 
预约/预借
| 序号 | 登录号 | 条形码 | 馆藏地/架位号 | 状态 | 备注 |
| 1 | 221411 | 202214111 | 自科库501/501自科库 4排4列3层/ [索取号:TB18/Z454] | 在馆 | |
| 2 | 221412 | 202214120 | 自科库501/501自科库 4排4列3层/ [索取号:TB18/Z454] | 在馆 | |
| 3 | 221413 | 202214139 | 自科库501/501自科库 4排4列3层/ [索取号:TB18/Z454] | 在馆 |